Statistics for NBA MVP's, FMVP's and DPOY's since 2000

Click here to take the quiz!

General Stats

  • This quiz has been taken 203 times
  • The average score is 28 of 35

Answer Stats

HintAnswer% Correct
4X MVP, 4X FMVPLeBron James
99%
2X MVP, 1X FMVPNikola Jokic
99%
2X MVP, 1X FMVP, 1X DPOYGiannis Antetokounmpo
98%
1X MVPJoel Embiid
98%
2X MVP, 1X FMVPStephen Curry
98%
1X MVPJames Harden
97%
1X MVP, 2X FMVPKevin Durant
97%
1X MVP, 2X FMVPKobe Bryant
97%
1X MVPRussell Westbrook
97%
1X MVP, 3X FMVPShaquille O'Neal
97%
1X MVP, 1X FMVPDirk Nowitzki
96%
2X FMVP, 2X DPOYKawhi Leonard
96%
1X MVP, 1X DPOYKevin Garnett
95%
2X MVP, 2X FMVPTim Duncan
94%
1X MVPDerrick Rose
92%
2X MVPSteve Nash
90%
1X MVPAllen Iverson
88%
1X FMVPDwyane Wade
88%
3X DPOYRudy Gobert
88%
1X FMVPAndre Iguodala
87%
1X FMVPPaul Pierce
85%
1X DPOYJaren Jackson Jr.
83%
1X FMVPTony Parker
83%
1X DPOYMarcus Smart
78%
4X DPOYBen Wallace
76%
1X FMVPChauncey Billups
75%
1X DPOYDraymond Green
68%
1X DPOYMarc Gasol
67%
3X DPOYDwight Howard
63%
1X DPOYDikembe Mutombo
57%
1X DPOYJoakim Noah
55%
1X DPOYTyson Chandler
41%
1X DPOYAlonzo Mourning
39%
1X DPOYMarcus Camby
38%
1X DPOYRon Artest
38%

Score Distribution

Percentile by Number Answered

Percent of People with Each Score

Your Score History

You have not taken this quiz